Normale Ansicht MARC-Ansicht ISBD

Rettung von Kindergarten in Kliestow gescheitert (Titelsatznr. 374305)

[ MARC ]
MARC-Details
000 -Satzkennung
Kontrollfeld mit fester Länge 00678nab a2200193 4500
001 - Kontrollnummer
Kontrollfeld 244442
003 - Kontrollnummer Identifier
Kontrollfeld OSt
005 - Datum und Zeit der letzten Transaktion
Kontrollfeld 20260223084345.0
007 - Feld mit fester Länge zur physischen Beschreibung - Allgemeine Information
Kontrollfeld mit fester Länge tu
008 - Feld mit fester Länge zur physischen Beschreibung - Allgemeine Angaben
Kontrollfeld mit fester Länge 260223s2020|||||||
040 ## - Katalogisierungsquelle
Original-Katalogisierungsstelle DE-2950
Übertragungsstelle DE-2950
245 00 - Titel
Titel Rettung von Kindergarten in Kliestow gescheitert
Zusatz zum Titel Betreuung. Die Suche nach einem neuen Träger war der letzte Strohhalm für die von der Schließung bedrohte Kita. Doch der Rettungsversuch hatte keinen Erfolg/
Verfasserangabe etc. Lisa Larossa
264 ## - Produktion, Veröffentlichung, Distribution, Herstellung und Urheberrechtsvermerk
Datum der Herstellung, der Veröffentlichung, des Vertriebs oder des Urheberschutzvermerks 2025
653 ## - Indexierungsterm - Nicht normiert
Nicht-normierter Term Frankfurt (Oder) - Kliestow
653 ## - Indexierungsterm - Nicht normiert
Nicht-normierter Term Kita
653 ## - Indexierungsterm - Nicht normiert
Nicht-normierter Term Schließung
773 0# - Übergeordnete Einheit
Verknüpfungsangaben 37. Jahrgang (2026) Nr. 40 vom 17.02.2026 , S. 15 mit Foto
Titel Märkische Oderzeitung
942 ## - Zusätzliche Felder (Koha)
Klassifikation oder Aufstellungssystematik Andere/Generische Klassifikation
Koha-Medientyp Aufsätze
Exemplare
Ausgeschieden Verloren Klassifikation oder Aufstellungssystematik Beschädigt Nicht entleihbar Heimatbibliothek Aufenthaltsbibliothek Aufstellungsort Erwerbungsdatum Anzahl Ausleihen Signatur Letzte Aktivität Preis gültig von Koha-Medientyp
    Andere/Generische Klassifikation     Stadtarchiv Frankfurt (Oder) | Archivbibliothek Stadtarchiv Frankfurt (Oder) | Archivbibliothek Magazin 23/02/2026   Z2 23/02/2026 23/02/2026 Aufsätze